• 首页
  • 本馆介绍
  • 公告通知
  • 最新文献
  • 馆藏检索
  • 电子资源
  • 读者导购
  • 参考咨询
  • 我的图书馆
  • 登录
  • 详细信息显示
  • 放入我的书架
  • 预约/预借图书
  • 作者相关作品
  • 分类相关作品
  • 丛书相关作品
  • 出版社相关作品

书目信息

  • 表格格式
  • 工作单格式
  • 卡片格式
题名:
世纪末金融风暴
    
 
作者: 韩文高 主编
分册:  
出版信息: 北京   经济日报出版社  2001.01
页数: 420页
开本: 32开
丛书名:
单 册:
中图分类: F831.59
科图分类:
主题词: 金融危机--研究--世界 , 金融 , 银行
电子资源:
ISBN: 7-80127-799-6
000 00602nam0 2200217 45
001 0210170879
005 20031219104058.7
010    @a7-80127-799-6@dCNY24.80
100    @a20021017d2001 km y0chiy0120 ea
101 0  @achi
105    @a z 000yy
200 1  @a世纪末金融风暴@AShi Ji Mo Jin Rong Feng Bao@f韩文高主编@FHan Wen Gao Zhu Bian
210    @a北京@c经济日报出版社@d2001.01
215    @a420页@d32开
606 0  @a金融危机@x研究@y世界
606 0  @a金融
606 0  @a银行
690    @aF831.59@v4
701    @a韩文高@4主编
801    @aCN@bTSTC@c20021021
905    @b315816-818@dF831.59@e10@f3
    
    世纪末金融风暴/韩文高主编.-北京:经济日报出版社,2001.01
    420页;32开
    
    
    ISBN 7-80127-799-6:CNY24.80
    
●
相关链接 在E读中查询图书 在五车中查询图书 在当当中查询图书 在豆瓣中查询图书


正题名:世纪末金融风暴     索取号:F831.59/10         预约/预借

序号 登录号 条形码 馆藏地/架位号 状态 备注
1 0315816   203158162   第一借阅区/ [索取号:F831.59/10] 在馆    
2 0315817   203158171   第一借阅区/ [索取号:F831.59/10] 在馆    
3 0315818   203158180   第一样本阅览室/ [索取号:F831.59/10] 在馆    
唐山师范学院图书馆 欢迎您!
大连网信软件有限公司© 版权所有